[Event "DVM U10 2014"]
[Site "Magdeburg GER"]
[Date "2014.12.29"]
[Round "7"]
[White "Unger, Matti"]
[Black "Seibt, Bruno"]
[Result "0-1"]
[Termination "normal"]
[Board "20.2"]
[WhiteElo "892"]
[BlackElo "862"]
[WhiteTeam "Schachzwerge Magdeburg 2"]
[BlackTeam "SC 1994 Oberland"]
[PlyCount "98"]
[BlackFideId "16219988"]
[EventCountry "GER"]
[EventRounds "7"]
[EventType "team-swiss"]
[EventDate "2014.12.27"]

1. e4 e5 2. Nf3 Nc6 3. Bc4 Nf6 4. d3 d5 5. Bb5 Bd7 6. Nc3 d4 7. Nd5 Nxd5 8.
exd5 Nb4 9. Bxd7+ Qxd7 10. Nxe5 Qxd5 11. Nf3 O-O-O 12. O-O Bd6 13. Re1 Qc5 14.
a3 Nxc2 15. b4 Qc3 16. Bg5 Nxe1 17. Qxe1 Qxd3 18. Bxd8 Rxd8 19. Qd1 Qxd1+ 20.
Rxd1 c5 21. Ng5 Rf8 22. Nxh7 Rh8 23. bxc5 Bxc5 24. Ng5 Bxa3 25. Nxf7 Rf8 26.
Ne5 Bc5 27. Rc1 b6 28. Nd3 Rf5 29. g4 Rg5 30. h3 Kd7 31. f4 Rd5 32. Ne5+ Ke6
33. Kf2 d3+ 34. Ke1 d2+ 35. Kd1 dxc1=Q+ 36. Kxc1 Be3+ 37. Kc2 Bxf4 38. Nc6 Rc5+
39. Kd3 Rxc6 40. Ke4 Bg5 41. Kf3 a5 42. Kg3 a4 43. h4 Bxh4+ 44. Kxh4 a3 45. g5
Kf5 46. Kh5 a2 47. g6 Rxg6 48. Kh4 b5 49. Kh5 Rh6# 0-1

[Event "DVM U10 2014"]
[Site "Magdeburg GER"]
[Date "2014.12.29"]
[Round "7"]
[White "Augustin, Elias"]
[Black "Joppich, Til"]
[Result "0-1"]
[Termination "normal"]
[Board "20.3"]
[WhiteElo "879"]
[BlackElo "902"]
[WhiteTeam "SC 1994 Oberland"]
[BlackTeam "Schachzwerge Magdeburg 2"]
[PlyCount "78"]
[WhiteFideId "16236963"]
[BlackFideId "16232917"]
[EventCountry "GER"]
[EventRounds "7"]
[EventType "team-swiss"]
[EventDate "2014.12.27"]

1. e4 e5 2. Nf3 Nc6 3. Bc4 Bc5 4. c3 Nf6 5. d4 exd4 6. cxd4 Bb4+ 7. Nc3 Bxc3+
8. bxc3 d5 9. exd5 Nxd5 10. Bxd5 Qxd5 11. O-O O-O 12. Qc2 Bf5 13. Qd2 Rae8 14.
Re1 Bg4 15. Ne5 Nxe5 16. dxe5 Qxd2 17. Bxd2 Re6 18. Re4 Rg6 19. Re3 f5 20. Rg3
f4 21. Bxf4 Rxf4 22. h3 Bf5 23. Rxg6 Bxg6 24. e6 Re4 25. Rd1 Rxe6 26. Rd8+ Re8
27. Rd1 b5 28. Rb1 Bxb1 29. a3 Re2 30. Kf1 Rc2 31. Kg1 Rxc3 32. a4 bxa4 33. g4
a3 34. Kh2 a2 35. Kg2 a1=Q 36. Kh2 Qb2 37. Kg2 a5 38. Kg1 Be4 39. Kh2 Qxf2# 0-1

[Event "DVM U10 2014"]
[Site "Magdeburg GER"]
[Date "2014.12.29"]
[Round "7"]
[White "Stackfleth, Jarno"]
[Black "Rönsch, Franziska"]
[Result "1-0"]
[Termination "normal"]
[Board "20.4"]
[WhiteElo "600"]
[BlackElo "677"]
[WhiteTeam "Schachzwerge Magdeburg 2"]
[BlackTeam "SC 1994 Oberland"]
[PlyCount "59"]
[WhiteFideId "16252144"]
[EventCountry "GER"]
[EventRounds "7"]
[EventType "team-swiss"]
[EventDate "2014.12.27"]

1. e4 e5 2. Nf3 Nc6 3. Nc3 Bc5 4. Bc4 Nf6 5. O-O O-O 6. d3 d6 7. Bg5 h6 8. Bh4
d5 9. exd5 Qd6 10. Bg3 Ng4 11. dxc6 Qg6 12. h3 Qh5 13. hxg4 Bxg4 14. Nd5 Qf5
15. d4 e4 16. cxb7 Rae8 17. Nh4 Qg5 18. Qe1 Bxd4 19. Nxc7 Re7 20. Nd5 Rxb7 21.
Qxe4 Bxb2 22. Rab1 Be5 23. Rxb7 Bxg3 24. fxg3 Bc8 25. Nf3 Qd8 26. Ne7+ Kh8 27.
Bd3 g6 28. Nxg6+ Kg8 29. Nxf8 Qxf8 30. Qh7# 1-0

[Event "DVM U10 2014"]
[Site "Magdeburg GER"]
[Date "2014.12.29"]
[Round "7"]
[White "Janssen, Mattis"]
[Black "Ruppert, Jeremy"]
[Result "0-1"]
[Termination "normal"]
[Board "21.2"]
[WhiteElo "600"]
[BlackElo "1056"]
[WhiteTeam "Lübecker SV von 1873 2"]
[BlackTeam "SpVgg Rommelshausen"]
[PlyCount "68"]
[EventCountry "GER"]
[EventRounds "7"]
[EventType "team-swiss"]
[EventDate "2014.12.27"]

1. e4 e5 2. Nf3 Nc6 3. Bc4 Nf6 4. d3 d6 5. Bg5 Bg4 6. Nc3 Nd4 7. Nd5 Be7 8.
Nxe7 Qxe7 9. h3 Bxf3 10. gxf3 O-O 11. c3 Ne6 12. Bxf6 Qxf6 13. Qd2 Nf4 14.
O-O-O Nxh3 15. f4 Qh4 16. Rhf1 Nxf4 17. Rg1 Qh2 18. Rdf1 Nh3 19. Rg3 Nf4 20.
Qd1 Nh3 21. Qg4 g6 22. Rxh3 Qf4+ 23. Kc2 Qxg4 24. Rfh1 Qe2+ 25. Kb3 h5 26. R3h2
Rab8 27. d4 Qxe4 28. Rh4 Qf5 29. R1h2 b5 30. Be2 a5 31. dxe5 a4+ 32. Kb4 Qxe5
33. f3 Qc5+ 34. Ka5 Ra8# 0-1

[Event "DVM U10 2014"]
[Site "Magdeburg GER"]
[Date "2014.12.29"]
[Round "7"]
[White "Raichle, Simon"]
[Black "Bornholdt, Joa Max"]
[Result "0-1"]
[Termination "normal"]
[Board "21.3"]
[WhiteElo "1028"]
[BlackElo "600"]
[WhiteTeam "SpVgg Rommelshausen"]
[BlackTeam "Lübecker SV von 1873 2"]
[PlyCount "44"]
[BlackFideId "16253477"]
[EventCountry "GER"]
[EventRounds "7"]
[EventType "team-swiss"]
[EventDate "2014.12.27"]

1. e4 e5 2. Nf3 Nc6 3. Bc4 Bc5 4. d3 d6 5. Bg5 Nf6 6. O-O Bg4 7. Nc3 Qd7 8. Qd2
O-O-O 9. a3 Bxf3 10. gxf3 h6 11. Be3 Rhg8 12. Kh1 g5 13. Rg1 Rg7 14. Bxc5 dxc5
15. Rad1 Rg6 16. Bb5 a6 17. Ba4 g4 18. fxg4 Nxg4 19. Nd5 Rdg8 20. b4 cxb4 21.
axb4 h5 22. Qc3 Nxf2# 0-1

[Event "DVM U10 2014"]
[Site "Magdeburg GER"]
[Date "2014.12.29"]
[Round "7"]
[White "Berger, Jan Peter"]
[Black "Kohleisen, Konstantin"]
[Result "0-1"]
[Termination "normal"]
[Board "21.4"]
[WhiteElo "600"]
[BlackElo "918"]
[WhiteTeam "Lübecker SV von 1873 2"]
[BlackTeam "SpVgg Rommelshausen"]
[PlyCount "80"]
[EventCountry "GER"]
[EventRounds "7"]
[EventType "team-swiss"]
[EventDate "2014.12.27"]

1. e4 e5 2. Nf3 Nc6 3. Bc4 Bc5 4. d3 Nf6 5. Bg5 d6 6. Bb5 a6 7. Bxc6+ bxc6 8.
Nc3 O-O 9. Bxf6 Qxf6 10. Qd2 Rb8 11. O-O-O Qh6 12. Qxh6 gxh6 13. Rhf1 Kh8 14.
g4 Rg8 15. Rg1 Bxf2 16. Rdf1 Bxg1 17. Rxg1 Rxg4 18. Rxg4 Bxg4 19. Nh4 Rg8 20.
b3 Bh3 21. a4 Rg1+ 22. Kb2 d5 23. exd5 cxd5 24. Nxd5 c6 25. Nc7 Bc8 26. Ne8 Rh1
27. Nf3 Bd7 28. Nd6 f5 29. Nxe5 Be6 30. Nxc6 f4 31. Nd8 Bd7 32. N6f7+ Kg7 33.
c4 f3 34. Kc2 f2 35. b4 f1=Q 36. d4 Qc1+ 37. Kd3 Re1 38. d5 Qe3+ 39. Kc2 Bxa4+
40. Kb2 Qb3# 0-1

[Event "DVM U10 2014"]
[Site "Magdeburg GER"]
[Date "2014.12.29"]
[Round "7"]
[White "Tabarelli, Tom"]
[Black "Kassebaum, Elias Konstantin"]
[Result "0-1"]
[Termination "normal"]
[Board "22.1"]
[WhiteElo "760"]
[BlackElo "895"]
[WhiteTeam "SF Hettstedt"]
[BlackTeam "SG Bünde"]
[PlyCount "86"]
[EventCountry "GER"]
[EventRounds "7"]
[EventType "team-swiss"]
[EventDate "2014.12.27"]

1. d4 Nf6 2. Bf4 g6 3. Nc3 Bg7 4. Nb5 d6 5. Nf3 O-O 6. Nc3 Nbd7 7. e4 Nh5 8.
Bb5 Nxf4 9. Bxd7 Qxd7 10. Nh4 c6 11. h3 b5 12. Qg4 Qxg4 13. hxg4 Bxd4 14. Kd2
b4 15. Rh2 bxc3+ 16. bxc3 Bxf2 17. Rah1 Bg3 18. Nxg6 Bxh2 19. Nxf8 Kxf8 20.
Rxh2 Kg7 21. Ke3 Ng6 22. g3 Bxg4 23. c4 Rh8 24. Kd4 e5+ 25. Kc3 h5 26. Kb4 h4
27. gxh4 Rxh4 28. Rxh4 Nxh4 29. c5 d5 30. exd5 cxd5 31. Kc3 e4 32. Kd2 f5 33.
c6 f4 34. Ke1 e3 35. Kf1 e2+ 36. Kf2 Kf6 37. c7 Ke5 38. a4 Ke4 39. a5 d4 40. c3
dxc3 41. a6 c2 42. Ke1 c1=Q+ 43. Kf2 e1=Q# 0-1

[Event "DVM U10 2014"]
[Site "Magdeburg GER"]
[Date "2014.12.29"]
[Round "7"]
[White "Kröger, Tim"]
[Black "Lehmann, Taylor"]
[Result "0-1"]
[Termination "normal"]
[Board "22.2"]
[WhiteElo "1076"]
[BlackElo "786"]
[WhiteTeam "SG Bünde"]
[BlackTeam "SF Hettstedt"]
[PlyCount "62"]
[WhiteFideId "16241207"]
[BlackFideId "16240642"]
[EventCountry "GER"]
[EventRounds "7"]
[EventType "team-swiss"]
[EventDate "2014.12.27"]

1. d4 d6 2. Nf3 c5 3. dxc5 Qa5+ 4. Bd2 Qxc5 5. Nc3 Nc6 6. e4 Nf6 7. Bb5 a6 8.
Ba4 Ng4 9. Qe2 Bd7 10. O-O-O Nxf2 11. Be3 Qh5 12. Qxf2 b5 13. Bb3 g6 14. Nd5
Bh6 15. Nc7+ Kf8 16. Nxa8 Bxe3+ 17. Qxe3 Kg7 18. Qc3+ Ne5 19. Nxe5 dxe5 20.
Rxd7 Rxa8 21. Rxe7 Qg5+ 22. Kd1 Rd8+ 23. Ke1 Qh4+ 24. g3 Qxe4+ 25. Kf2 Qf5+ 26.
Qf3 Rd2+ 27. Ke3 Qg5+ 28. Qf4 exf4+ 29. gxf4 Qxe7+ 30. Kxd2 Qd6+ 31. Ke2 Qd2+
0-1

[Event "DVM U10 2014"]
[Site "Magdeburg GER"]
[Date "2014.12.29"]
[Round "7"]
[White "Dropp, Silvana"]
[Black "Kögler, Lukas"]
[Result "0-1"]
[Termination "normal"]
[Board "22.4"]
[WhiteElo "865"]
[BlackElo "775"]
[WhiteTeam "SG Bünde"]
[BlackTeam "SF Hettstedt"]
[PlyCount "78"]
[EventCountry "GER"]
[EventRounds "7"]
[EventType "team-swiss"]
[EventDate "2014.12.27"]

1. e4 e6 2. d4 d5 3. exd5 exd5 4. Nc3 Nf6 5. Nf3 Nc6 6. Bf4 Bb4 7. Bb5 Bg4 8.
O-O Bxf3 9. Qxf3 O-O 10. Bxc6 bxc6 11. Rfe1 Bxc3 12. Qxc3 Ng4 13. Qxc6 Qh4 14.
h3 Qxf2+ 15. Kh1 Qxf4 16. Kg1 h6 17. Qxd5 Qh2+ 18. Kf1 Rfe8 19. hxg4 Qh1+ 20.
Kf2 Rad8 21. Qa5 Qh4+ 22. Kf3 f5 23. gxf5 Qxd4 24. c3 Qd3+ 25. Kf2 Qd7 26. f6
Rf8 27. Qh5 Rxf6+ 28. Kg1 Rf5 29. Qg4 h5 30. Qe2 Qd6 31. Rad1 Qc5+ 32. Kh1 Rdf8
33. g3 Rf3 34. Kg2 Rf2+ 35. Kh1 Rxe2 36. Rxe2 Qc4 37. Rde1 Qg4 38. Rh2 Qxg3 39.
Ree2 Rf1# 0-1

[Event "DVM U10 2014"]
[Site "Magdeburg GER"]
[Date "2014.12.29"]
[Round "7"]
[White "Ho, Ngoc Hai-Dang"]
[Black "Schlie, Johann"]
[Result "0-1"]
[Termination "normal"]
[Board "23.1"]
[WhiteElo "974"]
[BlackElo "890"]
[WhiteTeam "Schachunion Berlin 2"]
[BlackTeam "Hagener SV 2"]
[PlyCount "100"]
[WhiteFideId "16206509"]
[BlackFideId "16211596"]
[EventCountry "GER"]
[EventRounds "7"]
[EventType "team-swiss"]
[EventDate "2014.12.27"]

1. d4 d5 2. c4 Nf6 3. Nc3 Nc6 4. Nf3 Bf5 5. Bg5 e6 6. a3 Be7 7. cxd5 exd5 8. e3
a6 9. Nh4 Qd7 10. Nxf5 Qxf5 11. Bxf6 Bxf6 12. Bd3 Qe6 13. O-O O-O-O 14. Qc2 Kb8
15. Bxh7 Qd6 16. g3 g6 17. Bxg6 fxg6 18. Qxg6 Rdg8 19. Qc2 Bh4 20. Ne2 Qh6 21.
Kh1 Bxg3 22. Kg2 Qh3+ 23. Kf3 Bxh2+ 24. Ng3 Rxg3+ 25. fxg3 Qxg3+ 26. Ke2 Qg2+
27. Rf2 Nxd4+ 28. exd4 Re8+ 29. Kd3 Qg3+ 30. Kd2 Qxf2+ 31. Kc3 Re3+ 32. Qd3
Rxd3+ 33. Kxd3 Qxb2 34. Rh1 Qxa3+ 35. Ke2 Qb2+ 36. Kf3 a5 37. Re1 Ka7 38. Re7
a4 39. Re2 Qxe2+ 40. Kxe2 a3 41. Kf2 a2 42. Kg2 a1=Q 43. Kxh2 Qf1 44. Kg3 b5
45. Kh2 b4 46. Kg3 b3 47. Kg4 b2 48. Kg5 b1=Q 49. Kg4 Qg2+ 50. Kh4 Qbh1# 0-1

[Event "DVM U10 2014"]
[Site "Magdeburg GER"]
[Date "2014.12.29"]
[Round "7"]
[White "Brunner, Alexander"]
[Black "Landgraf, Arthur"]
[Result "1-0"]
[Termination "normal"]
[Board "23.2"]
[WhiteElo "911"]
[BlackElo "797"]
[WhiteTeam "Hagener SV 2"]
[BlackTeam "Schachunion Berlin 2"]
[PlyCount "137"]
[WhiteFideId "12965278"]
[EventCountry "GER"]
[EventRounds "7"]
[EventType "team-swiss"]
[EventDate "2014.12.27"]

1. e4 c5 2. d4 cxd4 3. c3 dxc3 4. Nxc3 Qa5 5. Nf3 Nc6 6. Bf4 g6 7. Bc4 Bg7 8.
O-O Nf6 9. Qe2 O-O 10. Rfd1 Re8 11. Rac1 e5 12. Bg5 Qb6 13. Bxf6 Bxf6 14. Nd5
Qd8 15. Bb5 a6 16. Ba4 Nd4 17. Qe3 Nxf3+ 18. Qxf3 Bg5 19. Nc7 Bxc1 20. Rxc1 Qg5
21. Qc3 b5 22. Bb3 b4 23. Qc4 Bb7 24. Nxe8 Qe7 25. Nc7 Rc8 26. Qd3 Qg5 27. Qf1
Bxe4 28. Bd5 Qh4 29. Bxe4 Qxe4 30. Nxa6 Rxc1 31. Qxc1 Kg7 32. Nc5 Qc6 33. a3 b3
34. Nxb3 Qxc1+ 35. Nxc1 Kf6 36. f3 Ke6 37. Nd3 d6 38. a4 Kd5 39. f4 exf4 40.
Nxf4+ Kc6 41. a5 Kb5 42. b4 g5 43. Nd5 h5 44. Nf6 h4 45. g3 hxg3 46. hxg3 Ka6
47. g4 Kb5 48. Nh7 Ka6 49. Nxg5 f6 50. Kf2 fxg5 51. Ke3 Kb5 52. Kd4 Kxb4 53. a6
Kb5 54. a7 Kb6 55. a8=R Kc7 56. Rg8 d5 57. Rxg5 Kd6 58. Rxd5+ Ke6 59. Rf5 Kd7
60. g5 Ke6 61. Rf1 Kd6 62. g6 Kc6 63. g7 Kd6 64. g8=R Ke7 65. Rg6 Kd7 66. Rf7+
Ke8 67. Ra7 Kf8 68. Rb6 Ke8 69. Rb8# 1-0

[Event "DVM U10 2014"]
[Site "Magdeburg GER"]
[Date "2014.12.29"]
[Round "7"]
[White "Schröder, Tim"]
[Black "Mayland, Jannis"]
[Result "0-1"]
[Termination "normal"]
[Board "23.3"]
[WhiteElo "600"]
[BlackElo "817"]
[WhiteTeam "Schachunion Berlin 2"]
[BlackTeam "Hagener SV 2"]
[PlyCount "34"]
[BlackFideId "16204824"]
[EventCountry "GER"]
[EventRounds "7"]
[EventType "team-swiss"]
[EventDate "2014.12.27"]

1. e4 e5 2. Nf3 Nc6 3. Bc4 Nf6 4. d3 d6 5. O-O Be6 6. Be3 d5 7. Nbd2 dxc4 8.
dxc4 Bb4 9. c3 Bd6 10. Qa4 Qd7 11. b3 O-O 12. b4 Bg4 13. h3 Bxf3 14. gxf3 Qxh3
15. Qd1 Nd4 16. cxd4 exd4 17. Bxd4 Qh2# 0-1

[Event "DVM U10 2014"]
[Site "Magdeburg GER"]
[Date "2014.12.29"]
[Round "7"]
[White "Maul, Maik"]
[Black "Phong Nguyen, Tung"]
[Result "1-0"]
[Termination "normal"]
[Board "23.4"]
[WhiteElo "600"]
[BlackElo "600"]
[WhiteTeam "Hagener SV 2"]
[BlackTeam "Schachunion Berlin 2"]
[PlyCount "65"]
[WhiteFideId "16204816"]
[EventCountry "GER"]
[EventRounds "7"]
[EventType "team-swiss"]
[EventDate "2014.12.27"]

1. e4 e5 2. Qf3 Nf6 3. Qf5 d6 4. Qf3 Bg4 5. Qb3 Nxe4 6. Qxb7 Nd7 7. Qxe4 Nf6 8.
Qa4+ Qd7 9. Qb4 Nd5 10. Qb7 Qc8 11. Qxd5 c6 12. Qe4 f6 13. f3 Bf5 14. Qe2 Be7
15. Qa6 Qxa6 16. Bxa6 O-O 17. Bb7 Rab8 18. Bxc6 Rfc8 19. Be4 Bxe4 20. fxe4 Rxc2
21. Na3 Rc5 22. Ne2 Rb4 23. d3 d5 24. exd5 Rxd5 25. Nc3 Rdd4 26. Nc2 Rf4 27.
Bxf4 Rxf4 28. Nd5 Rg4 29. Nxe7+ Kf8 30. h3 Rh4 31. Nf5 Ra4 32. Nce3 e4 33. d4 {
folgt (e p)} 1-0

[Event "DVM U10 2014"]
[Site "Magdeburg GER"]
[Date "2014.12.29"]
[Round "7"]
[White "Wilhelm, Anna-Lena"]
[Black "Siol, Mats Lennart"]
[Result "0-1"]
[Termination "normal"]
[Board "24.1"]
[WhiteElo "864"]
[BlackElo "1067"]
[WhiteTeam "SG Blau-Weiß Stadtilm 2"]
[BlackTeam "SK Blauer Springer Paderborn 2"]
[PlyCount "56"]
[WhiteFideId "16230094"]
[BlackFideId "16229240"]
[EventCountry "GER"]
[EventRounds "7"]
[EventType "team-swiss"]
[EventDate "2014.12.27"]

1. e4 c5 2. Nf3 Nc6 3. Bc4 e5 4. d3 Be7 5. Be3 d6 6. h3 a6 7. Nc3 Be6 8. Bxe6
fxe6 9. Qd2 h6 10. O-O-O b5 11. a3 Qa5 12. Qe2 b4 13. Na2 bxa3 14. b3 Nb4 15.
Kb1 Nxa2 16. Kxa2 Qb4 17. Bd2 Qb5 18. Kxa3 a5 19. c4 Qb6 20. Nh4 Nf6 21. Ng6
Rg8 22. Be3 Qb4+ 23. Kb2 a4 24. Bd2 Qxb3+ 25. Kc1 Rb8 26. Rde1 Qb2+ 27. Kd1
Qb3+ 28. Kc1 Qb1# 0-1

[Event "DVM U10 2014"]
[Site "Magdeburg GER"]
[Date "2014.12.29"]
[Round "7"]
[White "Nguyen, Frank"]
[Black "Gölitz, Lia"]
[Result "1-0"]
[Termination "normal"]
[Board "24.2"]
[WhiteElo "600"]
[BlackElo "850"]
[WhiteTeam "SK Blauer Springer Paderborn 2"]
[BlackTeam "SG Blau-Weiß Stadtilm 2"]
[PlyCount "81"]
[BlackFideId "16230116"]
[EventCountry "GER"]
[EventRounds "7"]
[EventType "team-swiss"]
[EventDate "2014.12.27"]

1. e4 e5 2. Nf3 Nc6 3. Bc4 Bc5 4. O-O Nf6 5. Nc3 d6 6. d3 h6 7. Qe1 Be6 8. Bxe6
fxe6 9. Be3 Bxe3 10. Qxe3 Qe7 11. Rad1 O-O-O 12. Nb5 a6 13. Na7+ Kd7 14. Nxc6
bxc6 15. d4 Ke8 16. Qa3 Nxe4 17. Qxa6 Qd7 18. dxe5 Qc8 19. Qxc6+ Qd7 20. Qxe4
Rb8 21. Qg6+ Qf7 22. Qe4 Rxb2 23. Qa4+ Kf8 24. Qa8+ Qe8 25. Qa3 Rxc2 26. exd6
cxd6 27. Qxd6+ Qe7 28. Qb8+ Kf7 29. Ne5+ Kf6 30. Ng4+ Kf7 31. Rc1 Rd2 32. Qxh8
Qg5 33. Rc7+ Kg6 34. Qxg7+ Kf5 35. Rc5+ e5 36. Nxh6+ Kf4 37. Rc4+ e4 38. g3+
Kf3 39. Qxg5 Rxf2 40. Qf4+ Ke2 41. Qxf2+ 1-0

[Event "DVM U10 2014"]
[Site "Magdeburg GER"]
[Date "2014.12.29"]
[Round "7"]
[White "Kirsch, Martin"]
[Black "Rust, Emily"]
[Result "0-1"]
[Termination "normal"]
[Board "24.3"]
[WhiteElo "770"]
[BlackElo "969"]
[WhiteTeam "SG Blau-Weiß Stadtilm 2"]
[BlackTeam "SK Blauer Springer Paderborn 2"]
[PlyCount "123"]
[WhiteFideId "2925630"]
[BlackFideId "16211499"]
[EventCountry "GER"]
[EventRounds "7"]
[EventType "team-swiss"]
[EventDate "2014.12.27"]

1. e4 d5 2. Nc3 Nf6 3. Bd3 e6 4. Bb5+ c6 5. Bd3 e5 6. Nf3 Bd6 7. b3 dxe4 8.
Nxe4 Nxe4 9. Bxe4 Qf6 10. Bb2 Nd7 11. d3 b6 12. Bxc6 Bb4+ 13. Nd2 Bc5 14. Ne4
Bb4+ 15. Nd2 Bc5 16. Ne4 Bb4+ 17. Nd2 Rb8 18. Qe2 Bb7 19. Bxb7 Rxb7 20. O-O-O
Rc7 21. Nc4 Qh6+ 22. Rd2 b5 23. Ne3 Nc5 24. Nd5 Bxd2+ 25. Qxd2 Qxd2+ 26. Kxd2
Rd7 27. Nb4 e4 28. d4 Ne6 29. d5 Nf4 30. Ke3 Nxd5+ 31. Nxd5 Rxd5 32. Kxe4 Rh5
33. Bxg7 f5+ 34. Kf4 Rg8 35. Re1+ Kf7 36. Bd4 Rg4+ 37. Ke3 Re4+ 38. Kd2 Rxd4+
39. Kc1 Rxh2 40. Rg1 Rf4 41. f3 b4 42. a4 bxa3 43. c4 a2 44. Kb2 a1=Q+ 45. Kxa1
Rh6 46. Ka2 Ra6+ 47. Kb2 Rd4 48. g4 Rd2+ 49. Kc3 Rf2 50. Rg3 f4 51. Rh3 Rg2 52.
b4 Ra3+ 53. Kd4 Rd2+ 54. Kc5 a5 55. b5 Rc2 56. b6 Rac3 57. b7 Rxc4+ 58. Kb5
Rc5+ 59. Ka6 Rc6+ 60. Ka7 Rb2 61. Rh5 Rc7 62. Rf5+ {nicht mehr nachvollziehbar
[Tbxb7]} 0-1

[Event "DVM U10 2014"]
[Site "Magdeburg GER"]
[Date "2014.12.29"]
[Round "7"]
[White "Brinkschröder, Josh"]
[Black "Möschwitzer, Luis"]
[Result "0-1"]
[Termination "normal"]
[Board "24.4"]
[WhiteElo "779"]
[BlackElo "798"]
[WhiteTeam "SK Blauer Springer Paderborn 2"]
[BlackTeam "SG Blau-Weiß Stadtilm 2"]
[PlyCount "84"]
[WhiteFideId "16274903"]
[EventCountry "GER"]
[EventRounds "7"]
[EventType "team-swiss"]
[EventDate "2014.12.27"]

1. d4 d5 2. Nf3 Nc6 3. Bf4 Bf5 4. e3 Nf6 5. c3 e6 6. Bb5 Bd6 7. Bg3 Qd7 8. Ne5
Bxe5 9. dxe5 Ne4 10. Bh4 O-O 11. O-O h6 12. Bd3 a6 13. f3 Nc5 14. Bxf5 exf5 15.
f4 Rfe8 16. g4 fxg4 17. b4 Ne4 18. f5 Nxe5 19. f6 gxf6 20. Nd2 Nxd2 21. Qxd2
Nf3+ 22. Rxf3 gxf3 23. Bxf6 Qg4+ 24. Kf1 Re6 25. Bd4 Rae8 26. c4 dxc4 27. Bc3
Rxe3 28. Re1 Qh3+ 29. Kf2 Qxh2+ 30. Kf1 Qxd2 31. Bxd2 Re2 32. Bxh6 Rxe1+ 33.
Kf2 Kh7 34. Bd2 R1e2+ 35. Kxf3 Rxd2 36. Kf4 Re1 37. Kf3 Rxa2 38. Kg3 Re6 39.
Kf4 Ra1 40. Kf5 Rf1+ 41. Kg5 Rg6+ 42. Kh5 Rh1# 0-1

[Event "DVM U10 2014"]
[Site "Magdeburg GER"]
[Date "2014.12.29"]
[Round "7"]
[White "Meurer, Calvin"]
[Black "Lindner, Ben"]
[Result "1/2-1/2"]
[Termination "normal"]
[Board "25.1"]
[WhiteElo "946"]
[BlackElo "949"]
[WhiteTeam "SV Roter Turm Halle 2"]
[BlackTeam "BSG Grün-Weiß Leipzig 2"]
[PlyCount "61"]
[BlackFideId "16214552"]
[EventCountry "GER"]
[EventRounds "7"]
[EventType "team-swiss"]
[EventDate "2014.12.27"]

1. d4 d5 2. Nc3 Nf6 3. Bf4 Bf5 4. e3 a6 5. Nf3 Nc6 6. Be2 e6 7. O-O Ne4 8. Nxe4
Bxe4 9. Bd3 Bd6 10. Bxd6 Qxd6 11. Ng5 Bg6 12. Bxg6 hxg6 13. h3 f6 14. Nf3 O-O-O
15. Qd3 g5 16. a3 e5 17. Qf5+ Rd7 18. Rad1 e4 19. Nd2 Ne7 20. Qg4 Rh4 21. Qe2
g4 22. g3 gxh3 23. gxh4 h2+ 24. Kh1 Nf5 25. Rg1 hxg1=Q+ 26. Kxg1 Nxh4 27. Qg4
g5 28. Kf1 Kb8 29. Ke2 Rg7 30. c4 f5 31. Qg1 1/2-1/2

[Event "DVM U10 2014"]
[Site "Magdeburg GER"]
[Date "2014.12.29"]
[Round "7"]
[White "Wittig, Georg"]
[Black "Mielewsky, Karl-Josef"]
[Result "1-0"]
[Termination "normal"]
[Board "25.2"]
[WhiteElo "942"]
[BlackElo "857"]
[WhiteTeam "BSG Grün-Weiß Leipzig 2"]
[BlackTeam "SV Roter Turm Halle 2"]
[PlyCount "81"]
[WhiteFideId "16266366"]
[EventCountry "GER"]
[EventRounds "7"]
[EventType "team-swiss"]
[EventDate "2014.12.27"]

1. e4 e5 2. Nf3 Nc6 3. d4 exd4 4. Nxd4 Bc5 5. Be3 Nf6 6. Nc3 d6 7. Bc4 O-O 8.
Qd2 Nh5 9. Nd5 Nf6 10. O-O b6 11. Nxc6 Qe8 12. Ncb4 Ng4 13. Bxc5 Qe5 14. g3 Qh5
15. Rfe1 Qxh2+ 16. Kf1 dxc5 17. Nd3 c6 18. Ne3 Nxe3+ 19. Qxe3 Bh3+ 20. Ke2 Bg4+
21. Kd2 Rae8 22. e5 Kh8 23. Qf4 Rd8 24. Qxg4 Qxf2+ 25. Qe2 Qxg3 26. a3 Qg5+ 27.
Qe3 Qf5 28. e6 b5 29. Ba2 fxe6 30. Bxe6 Qf6 31. Kc1 c4 32. Nc5 Rb8 33. Nd7 Qd8
34. Nxf8 Qxf8 35. Bd7 b4 36. Qe8 Rxe8 37. Rxe8 Qxe8 38. Bxe8 g5 39. Kd2 c3+ 40.
bxc3 bxc3+ 41. Kxc3 1-0

[Event "DVM U10 2014"]
[Site "Magdeburg GER"]
[Date "2014.12.29"]
[Round "7"]
[White "Adelmeyer, Nelly"]
[Black "Sieber, Paale"]
[Result "0-1"]
[Termination "normal"]
[Board "25.3"]
[WhiteElo "753"]
[BlackElo "600"]
[WhiteTeam "SV Roter Turm Halle 2"]
[BlackTeam "BSG Grün-Weiß Leipzig 2"]
[PlyCount "50"]
[WhiteFideId "16203577"]
[EventCountry "GER"]
[EventRounds "7"]
[EventType "team-swiss"]
[EventDate "2014.12.27"]

1. e4 e5 2. Nf3 Bc5 3. Bb5 Nf6 4. Nxe5 Nxe4 5. O-O Bd6 6. Nc4 c6 7. Nxd6+ Nxd6
8. Bc4 O-O 9. Nc3 Nxc4 10. d3 Ne5 11. Bf4 Qe7 12. Re1 d6 13. d4 Bg4 14. f3 Bf5
15. dxe5 dxe5 16. Bxe5 Qc5+ 17. Bd4 Qc4 18. Qd2 Nd7 19. b3 Qb4 20. Qg5 Qxd4+
21. Re3 Qd2 22. Rd1 Qxc2 23. f4 Bd3 24. Rg3 Qxc3 25. Rdxd3 Qe1# 0-1

[Event "DVM U10 2014"]
[Site "Magdeburg GER"]
[Date "2014.12.29"]
[Round "7"]
[White "Feilhauer, Jannick"]
[Black "Kemper, Matti"]
[Result "0-1"]
[Termination "normal"]
[Board "25.4"]
[WhiteElo "600"]
[BlackElo "600"]
[WhiteTeam "BSG Grün-Weiß Leipzig 2"]
[BlackTeam "SV Roter Turm Halle 2"]
[PlyCount "35"]
[WhiteFideId "16266358"]
[EventCountry "GER"]
[EventRounds "7"]
[EventType "team-swiss"]
[EventDate "2014.12.27"]

1. e4 e5 2. Nf3 Nc6 3. Bb5 Bb4 4. Bxc6 bxc6 5. Nxe5 Nf6 6. Nf3 O-O 7. e5 Ng4 8.
h3 Nh6 9. c3 Bc5 10. d4 Be7 11. Qc2 Nf5 12. -- h6 13. g4 Nh4 14. Nxh4 Bxh4 15.
Bf4 Ba6 16. Nd2 d5 17. -- Qd7 18. Nf3 {nicht mehr nachvollziehbar} 0-1

[Event "DVM U10 2014"]
[Site "Magdeburg GER"]
[Date "2014.12.29"]
[Round "7"]
[White "von Krosigk, Florian"]
[Black "Henseler, Daniel"]
[Result "0-1"]
[Termination "normal"]
[Board "26.2"]
[WhiteElo "600"]
[BlackElo "600"]
[WhiteTeam "Hamburger SK 3"]
[BlackTeam "SK Neumarkt"]
[PlyCount "102"]
[WhiteFideId "16227808"]
[EventCountry "GER"]
[EventRounds "7"]
[EventType "team-swiss"]
[EventDate "2014.12.27"]

1. e4 e5 2. Nf3 Nc6 3. Bc4 Nf6 4. Nc3 Bc5 5. d3 O-O 6. Bg5 Be7 7. O-O d6 8. h3
h6 9. Bh4 Bd7 10. Nd5 Nxd5 11. exd5 Nb4 12. c3 Bxh4 13. Nxh4 Nxd3 14. Qxd3 Qxh4
15. Bb3 Qh5 16. Bc2 g6 17. f4 Bf5 18. Qd2 Bxc2 19. Qxc2 Qh4 20. fxe5 dxe5 21.
Rf3 e4 22. Rf2 e3 23. Rf3 Rae8 24. d6 cxd6 25. Raf1 e2 26. R1f2 e1=Q+ 27. Kh2
Qe5+ 28. g3 Qhh5 29. Qb3 Qe6 30. g4 Qhe5+ 31. Kg2 Qxb3 32. axb3 Qd5 33. Kh2
Qxb3 34. h4 Qb6 35. h5 Re3 36. Rf4 d5 37. hxg6 Qd6 38. Kg2 Qxg6 39. Kh2 Re4 40.
Rf6 Qg7 41. g5 hxg5 42. R6f5 Rf4 43. b3 Rxf5 44. Rxf5 Qg6 45. Rxd5 Qh6+ 46. Kg1
Qb6+ 47. Kh2 f6 48. c4 Re8 49. c5 Re2+ 50. Kg3 Qxb3+ 51. Kg4 Qxd5 0-1